00470nam a2200193Ia 4500003000400000005001700004008004100021020001900062022001900081040000700100041000800107082001500115100002100130245004100151260004500192300000900237650001200246700001800258OSt20251010111308.0250729s2006 xx 000 0 und d a978-8171692743 2978-8171692743 cAL aeng a420.7 SHAT aSharma Kadambari aTeaching of language and linguistics aNew DelhibCommonwealth Publishersc2006 a267p aEnglish aTuteja Tripat